000 00571nam a22001817a 4500
005 20231114092611.0
008 231114b |||||||| |||| 00| 0 eng d
020 _a0459554492 ; 0459554433
041 _aEnglish
082 _a345 FRO
100 _aPink, JE and Perrier, DC
_lEnglish
245 _aFrom Crime to Punishment /
_cJE Pink and DC Perrier
250 _aThird Edition
260 _aCanada :
_bThomson Canada Limited,
_c1997
300 _bxxviii, 410 pages ;
_c24,5 cm.
650 _aLegal practice
_bLaw
942 _cBK
_6ALISON_BN_VRIES
999 _c614
_d614